Quizzes
Events
Quiz Creation
Community
Videos
Private Events
Remove Ads
Sign In
Join for FREE
Feedback
Dark Mode
Quiz Categories
Sports
Geography
Music
Movies
Television
Just For Fun
Miscellaneous
History
Literature
Language
Science
Gaming
Entertainment
Religion
Holiday
For Kids
Quiz Lab
Recent
Popular Today
Quiz Kudos Today
Editor Picks
Curator Picks
Quizzes by...
Day
Popularity
Type
Ratings
Length
Year
Community
Subscriptions
Recent Discussions
Orange Saloon
Badges
Playlists
Quests
Create
Leaderboards
Showdown
Live 5
Trivia Bingo
Activity
Puzzle Library
Sporcle Events
Private Events
Virtual Trivia
Globe League
Become a Host
Pub Owners
SporcleCon
Opinionation
Our Games
Videos
Blog
Mobile Apps
Partnerships
Remove Ads and Go Orange
Feedback
Gaming
Video Games
Board Games
Card Games
Pokémon
Mario
Nintendo
Minecraft
Console
Toys
Legend of Zelda
Gaming
Video Games
Board Games
Card Games
Pokémon
Mario
Nintendo
Minecraft
Console
Toys
Legend of Zelda
Random Quiz
Search Sporcle
×
Quiz Lab
Quiz Lab
Gaming
Video Games
Type in answers that appear in a list
Type in answers that appear in a list
Classic
Best Score? Go Orange.
Mass Effect 3 Weapons Stats
Can you name the weapons from Mass Effect 3?
By
Fawkes
8m
60 Questions
1,042 Plays
1,042 Plays
1,042 Plays
Comments
Comments
Give Quiz Kudos
Give Quiz Kudos
-
- Ratings
hide this ad
Replay
Link that replays current quiz
Next Quiz
Link to next quiz in quiz playlist
You Got
0%
They Got
Avg Score
49%
Avg Friend Score
Upgrade to see
Score Distribution
Jump to the score distribution portion of the page
Score
0/60
Timer
08:00
0
Plays Today
Type
Weapon
% Correct
Assault Rifle
M-8 Avenger
88.2%
Sniper Rifle
M-98 Widow
83.6%
Sniper Rifle
Black Widow
83.4%
Sniper Rifle
M-92 Mantis
74.5%
Assault Rifle
M-96 Mattock
69.5%
Shotgun
M-23 Katana
68.6%
Assault Rifle
M-15 Vindicator
67.9%
Heavy Pistol
M-6 Carnifex
67.9%
Shotgun
M-300 Claymore
67.1%
Sniper Rifle
M-97 Viper
67%
Submachine Gun
M-9 Tempest
66.2%
Assault Rifle
Geth Pulse Rifle
63.4%
Submachine Gun
M-12 Locust
63.1%
Heavy Pistol
M-3 Predator
61.9%
Submachine Gun
M-4 Shuriken
61%
Shotgun
Geth Plasma Shotgun
58.4%
Heavy Pistol
M-77 Paladin
58.2%
Assault Rifle
M-76 Revenant
55.8%
Heavy Weapon
M-920 Cain
55.2%
Sniper Rifle
Javelin
55.1%
Heavy Pistol
M-5 Phalanx
54.9%
Assault Rifle
Cerberus Harrier
53.3%
Shotgun
M-22 Eviscerator
53.1%
Shotgun
M-27 Scimitar
51.8%
Sniper Rifle
M-29 Incisor
50.9%
Submachine Gun
N7 Hurricane
50.8%
Submachine Gun
M-25 Hornet
49.7%
Heavy Pistol
Scorpion
49.7%
Shotgun
Graal Spike Thrower
49%
Assault Rifle
Phaeston
47.7%
Type
Weapon
% Correct
Heavy Pistol
Arc Pistol
46.8%
Shotgun
Disciple
46.6%
Heavy Weapon
Reaper Blackstar
46%
Shotgun
M-11 Wraith
45.7%
Heavy Pistol
N7 Eagle
45.4%
Assault Rifle
N7 Valkyrie
43.3%
Heavy Pistol
M-358 Talon
43.2%
Sniper Rifle
M-13 Raptor
42.7%
Assault Rifle
N7 Typhoon
42.5%
Sniper Rifle
M-90 Indra
42%
Sniper Rifle
N7 Valiant
40.9%
Submachine Gun
Geth Plasma SMG
40.9%
Shotgun
Reegar Carbine
40.8%
Assault Rifle
M-37 Falcon
40.6%
Heavy Weapon
M-560 Hydra
40.1%
Heavy Weapon
Geth Spitfire
40.1%
Heavy Pistol
Acolyte Pistol
38.7%
Shotgun
N7 Crusader
38.3%
Assault Rifle
Particle Rifle
38%
Heavy Weapon
Cobra Missile Launcher
37.7%
Assault Rifle
M-99 Saber
36.7%
Shotgun
N7 Piranha
35.9%
Sniper Rifle
Krysae Sniper Rifle
35.5%
Assault Rifle
M-55 Argus
35.1%
Heavy Weapon
M-451 Firestorm
34.4%
Assault Rifle
Collector Assault Rifle
31.5%
Assault Rifle
Striker Assault Rifle
31.4%
Sniper Rifle
Kishock Harpoon Gun
30.1%
Shotgun
AT-12 Raider
27.4%
Assault Rifle
Chakram Launcher
26.9%
Quiz Playlist
Details
Report
Send in Message
Add To Playlist
Classic:
Type in answers that appear in a list
Last Updated: Feb 16, 2017
Quiz Scoreboard
CHALLENGE
Sign Up to Join the Scoreboard
Show All
Scores
Hide
Comments
May contain spoilers
Recently Published
Alphabetical 'K' Countries by Flag Minefield
by ylime102
Geography
3m
Pick 6: Fruits
by JohnFran
Miscellaneous
15s
Click the 1999 NBA Draft
by nibperrychub
Sports
2m
More to Explore
Quiz From the Vault
Featured Blog Post
15 Basketball Trivia Facts You Can Be March Mad About
hide this ad
You Might Also Like...
Tags
Video Games Quiz
Mass Effect
Weapons
Today's Top Quizzes in Gaming
Browse Gaming
hide this ad
Today's Top Quizzes in Video Games
Browse Video Games
Top Contributed Quizzes in Gaming
1
Video Game Rainbow Blitz
2
Genshin Impact Logic Puzzle
3
Pokémon Gen IV Logic Puzzle (HARD)
4
Rainbow Six Siege Operators by Picture
5
Genshin Impact Logic Puzzle Quiz
6
Pokémon Logic Puzzle (DIFFICULT)
7
Ordering Roman Numerals: Pokémon
8
Magic: the Gathering Set Symbols - LCI
9
St. Patrick's Pick: Gaming
10
Wii Remote Buttons
Explore More
Trending Topics
Marvel
Anime
Harry Potter
Crossword
Disney
Kpop
NBA
WWE
The Office
Song
Soccer
Pokémon
NFL
Puzzle
Country
hide this ad
More By:
Fawkes
Quiz
Plays
Rating
Category
Featured
Created
Homestuck Trolls
9,407
4.22
Miscellaneous
Aug 16, 2010
Mass Effect Trilogy Squadmates
5,834
4.95
Gaming
Apr 8, 2012
Red vs. Blue Characters
2,352
4.44
Miscellaneous
Nov 5, 2009
Worst Video Games Ever
2,302
4.00
Gaming
Jun 20, 2010
Fifth Beatles
1,546
4.33
Music
Oct 5, 2009
Go to Creator's Profile
Score Distribution
Quiz Creator Spotlight
Fawkes
Follow
Send a Message
Quizzes Created
-
Created Quiz Play Count
-
More By This Creator
Popular Quizzes Today
1
Pick 6: Fruits
2
Find the US States - No Outlines Minefield
3
Countries of Asia Without Outlines Minefield
4
Alphabetical 'K' Countries by Flag Minefield
5
The Countries of the World
6
Click the 1999 NBA Draft
7
Match the Book to the Film X
8
Find the US States
More Gaming Quizzes
Women World Leaders in Video Games
Editor's Pick
Trending Quizzes
Donkey Kong Minefield
Multiplication Danger Zone
DC Extended Universe: Oldest to Newest
The 3rd Thing You Need to Know: Actresses
Minefield Map: North American Capitals
Recently Updated
Women's Final Four Teams by Year
bhenderson79
Presidents Quartet II
eogle
Anything But Clue(do)
eogle
Anything But Oceanian Capitals
eogle
Anything But 7
eogle
Anything But Thing
eogle
Word Ladder: February 29
pecheneg
Song Title Questions
pecheneg
Women's NCAA Tournament #1 Seeds
pecheneg
Celebrity Mug Shots
pecheneg
Trending Topics
NBA
Crossword
Kpop
Disney
Anime
Marvel
Harry Potter
Soccer
Puzzle
Country
Song
NFL
The Office
WWE
Pokémon
Your Account Isn't Verified!
In order to create a playlist on Sporcle, you need to verify the email address you used during registration. Go to your
Sporcle Settings
to finish the process.
Report this User
Report this user for behavior that violates our
Community Guidelines
.
Details:
Send Report
Go to the Sporcle.com Mobile Site →
Comments